عرض عادي
عرض مارك
- Three-dimensional display systems.
مدخل مصطلح موضوعي
001 - رقم الضبط
- حقل الضبط: 8772
003 - معرف رقم الضبط
- حقل الضبط: OSt
005 - تاريخ ووقت أخر عملية
- حقل الضبط: 20111220175848.0
008 - عناصر بيانات ثابتة الطول
- حقل تحكم ثابت الطول: 111220|||a|||||| | ||| d
040 ## - مصدر الفهرسة
- هيئة الفهرسة الأصلية: OSt
- وكالة الكتابة: OSt
150 ## - مدخل-- مصطلح تاريخي
- عنصر مدخل المصطلح الموضوعي او الاسم الجغرافي: Three-dimensional display systems.
670 ## - بيانات المصدر موجوده
- الاستشهاد بالمصدر: Work cat.: (OSt)3754: Ethier, Stephen J. 8770, AutoCAD in 3 dimensions using AutoCAD 2005 /, c2005.
